<?xml version="1.0" encoding="UTF-8"?>
<record
    xmlns:xsi="http://www.w3.org/2001/XMLSchema-instance"
    xsi:schemaLocation="http://www.loc.gov/MARC21/slim http://www.loc.gov/standards/marcxml/schema/MARC21slim.xsd"
    xmlns="http://www.loc.gov/MARC21/slim">

  <leader>03265nam a2200421 a 4500</leader>
  <controlfield tag="001">ebr10273734</controlfield>
  <controlfield tag="003">CaPaEBR</controlfield>
  <controlfield tag="006">m        u        </controlfield>
  <controlfield tag="007">cr cn|||||||||</controlfield>
  <controlfield tag="008">080118s2008    txua    sb   s001 0 eng  </controlfield>
  <datafield tag="010" ind1=" " ind2=" ">
    <subfield code="z">  2008001906</subfield>
  </datafield>
  <datafield tag="015" ind1=" " ind2=" ">
    <subfield code="a">GBA870506</subfield>
    <subfield code="2">bnb</subfield>
  </datafield>
  <datafield tag="016" ind1="7" ind2=" ">
    <subfield code="z">014626574</subfield>
    <subfield code="2">Uk</subfield>
  </datafield>
  <datafield tag="020" ind1=" " ind2=" ">
    <subfield code="z">9780292717732 (hbk. : alk. paper)</subfield>
  </datafield>
  <datafield tag="020" ind1=" " ind2=" ">
    <subfield code="z">0292717733 (hbk. : alk. paper)</subfield>
  </datafield>
  <datafield tag="020" ind1=" " ind2=" ">
    <subfield code="z">9780292717749 (pbk. : alk. paper)</subfield>
  </datafield>
  <datafield tag="020" ind1=" " ind2=" ">
    <subfield code="z">0292717741 (pbk. : alk. paper)</subfield>
  </datafield>
  <datafield tag="040" ind1=" " ind2=" ">
    <subfield code="a">CaPaEBR</subfield>
    <subfield code="c">CaPaEBR</subfield>
  </datafield>
  <datafield tag="035" ind1=" " ind2=" ">
    <subfield code="a">(OCoLC)632750539</subfield>
  </datafield>
  <datafield tag="050" ind1="1" ind2="4">
    <subfield code="a">TK5105.88817</subfield>
    <subfield code="b">.E53 2008eb</subfield>
  </datafield>
  <datafield tag="082" ind1="0" ind2="4">
    <subfield code="a">306.4/6</subfield>
    <subfield code="2">22</subfield>
  </datafield>
  <datafield tag="245" ind1="0" ind2="0">
    <subfield code="a">Electronic tribes</subfield>
    <subfield code="h">[electronic resource] :</subfield>
    <subfield code="b">the virtual worlds of geeks, gamers, shamans, and scammers /</subfield>
    <subfield code="c">edited by Tyrone L. Adams and Stephen A. Smith.</subfield>
  </datafield>
  <datafield tag="250" ind1=" " ind2=" ">
    <subfield code="a">1st ed.</subfield>
  </datafield>
  <datafield tag="260" ind1=" " ind2=" ">
    <subfield code="a">Austin :</subfield>
    <subfield code="b">University of Texas Press,</subfield>
    <subfield code="c">2008.</subfield>
  </datafield>
  <datafield tag="300" ind1=" " ind2=" ">
    <subfield code="a">xiv, 315 p. :</subfield>
    <subfield code="b">ill.</subfield>
  </datafield>
  <datafield tag="504" ind1=" " ind2=" ">
    <subfield code="a">Includes bibliographical references and index.</subfield>
  </datafield>
  <datafield tag="505" ind1="0" ind2="0">
    <subfield code="g">Introduction,</subfield>
    <subfield code="t">Where is the shaman? /</subfield>
    <subfield code="r">Jim Parker --</subfield>
    <subfield code="t">"Tribe by any other name..." /</subfield>
    <subfield code="r">Tyrone L. Adams and Stephen A. Smith --</subfield>
    <subfield code="t">Mimetic kinship : theorizing online "tribalism" /</subfield>
    <subfield code="r">Veronica M. Davidov and Barbara Andersen --</subfield>
    <subfield code="t">Electronic tribes (e-tribes) : some theoretical perspectives and implications /</subfield>
    <subfield code="r">Bolanle Olaniran --</subfield>
    <subfield code="t">Revisiting the impact of tribalism on civil society : an investigation of the potential benefits of membership in an e-tribe on public discourse /</subfield>
    <subfield code="r">Christina Standerfer --</subfield>
    <subfield code="t">Theorizing the e-tribe on MySpace.com /</subfield>
    <subfield code="r">David R. Dewberry --</subfield>
    <subfield code="t">Don't date, craftsterbate : dialogue and resistance on Craftster.org /</subfield>
    <subfield code="r">Terri L. Russ --</subfield>
    <subfield code="t">Guild life in the world of Warcraft : online gaming tribalism /</subfield>
    <subfield code="r">Thomas Brignall III --</subfield>
    <subfield code="t">At the electronic Evergreen : a computer-mediated ethnography of tribalism in a newsgroup from Montserrat and afar /</subfield>
    <subfield code="r">Jonathan Skinner --</subfield>
    <subfield code="t">"Like a neighborhood of sisters" : can culture be formed electronically? /</subfield>
    <subfield code="r">Deborah Clark Vance --</subfield>
    <subfield code="t">Gerald M. Phillips as electronic tribal chief : socioforming cyberspace /</subfield>
    <subfield code="r">Ann Rosenthal --</subfield>
    <subfield code="t">Digital dreamtime, sonic talismans : music downloading and the tribal landscape /</subfield>
    <subfield code="r">Michael C. Zalot --</subfield>
    <subfield code="t">Magic, myth, and mayhem : tribalization in the digital age /</subfield>
    <subfield code="r">Leonie Naughton --</subfield>
    <subfield code="t">Mundanes at the gate-- and perverts within : managing internal and external threats to community online /</subfield>
    <subfield code="r">Steve Abrams and Smaragd Gr&#xFFFD;un --</subfield>
    <subfield code="t">Brotherhood of blood : Aryan tribalism and skinhead cybercrews /</subfield>
    <subfield code="r">Jody M. Roy --</subfield>
    <subfield code="t">Radical tribes at Warre : primitivists on the net /</subfield>
    <subfield code="r">Mathieu O'Neil --</subfield>
    <subfield code="t">"Tribe" migrates crime to cyberspace : Nigerian Igbos in 419 e-mail scams /</subfield>
    <subfield code="r">Farooq A. Kperogi and Sandra Duh&#xFFFD;e.</subfield>
  </datafield>
  <datafield tag="533" ind1=" " ind2=" ">
    <subfield code="a">Electronic reproduction.</subfield>
    <subfield code="b">Palo Alto, Calif. :</subfield>
    <subfield code="c">ebrary,</subfield>
    <subfield code="d">2013.</subfield>
    <subfield code="n">Available via World Wide Web.</subfield>
    <subfield code="n">Access may be limited to ebrary affiliated libraries.</subfield>
  </datafield>
  <datafield tag="650" ind1=" " ind2="0">
    <subfield code="a">Online social networks.</subfield>
  </datafield>
  <datafield tag="650" ind1=" " ind2="0">
    <subfield code="a">Internet</subfield>
    <subfield code="x">Social aspects.</subfield>
  </datafield>
  <datafield tag="650" ind1=" " ind2="0">
    <subfield code="a">Tribes.</subfield>
  </datafield>
  <datafield tag="650" ind1=" " ind2="0">
    <subfield code="a">Communication and technology.</subfield>
  </datafield>
  <datafield tag="655" ind1=" " ind2="7">
    <subfield code="a">Electronic books.</subfield>
    <subfield code="2">local</subfield>
  </datafield>
  <datafield tag="700" ind1="1" ind2=" ">
    <subfield code="a">Adams, Tyrone.</subfield>
  </datafield>
  <datafield tag="700" ind1="1" ind2=" ">
    <subfield code="a">Smith, Stephen A.,</subfield>
    <subfield code="d">1949-</subfield>
  </datafield>
  <datafield tag="710" ind1="2" ind2=" ">
    <subfield code="a">ebrary, Inc.</subfield>
  </datafield>
  <datafield tag="856" ind1="4" ind2="0">
    <subfield code="u">http://site.ebrary.com/lib/rucke/Doc?id=10273734</subfield>
    <subfield code="z">An electronic book accessible through the World Wide Web; click to view</subfield>
  </datafield>
  <datafield tag="999" ind1=" " ind2=" ">
    <subfield code="c">6991</subfield>
    <subfield code="d">6991</subfield>
  </datafield>
</record>
